Mangement of conflct induced internally displaced person (Record no. 553568)
[ view plain ]
| 000 -LEADER | |
|---|---|
| fixed length control field | 00306nam a22001217a 4500 |
| 082 ## - DEWEY DECIMAL CLASSIFICATION NUMBER | |
| Classification number | T-187 |
| 100 ## - MAIN ENTRY--PERSONAL NAME | |
| Personal name | Muhammad Irshad |
| 9 (RLIN) | 34812 |
| 245 ## - TITLE STATEMENT | |
| Title | Mangement of conflct induced internally displaced person |
| 260 ## - PUBLICATION, DISTRIBUTION, ETC. | |
| Place of publication, distribution, etc. | Risalpur, |
| Name of publisher, distributor, etc. | MCE, |
| Date of publication, distribution, etc. | 2015. |
| 300 ## - PHYSICAL DESCRIPTION | |
| Extent | 73p. |
| 526 ## - STUDY PROGRAM INFORMATION NOTE | |
| Program name | 0 |
| Interest level | 0 |
| Reading level | 0 |
| Title point value | T_187 |
| 942 ## - ADDED ENTRY ELEMENTS (KOHA) | |
| Source of classification or shelving scheme | |
| Koha item type | Book |
| Withdrawn status | Lost status | Source of classification or shelving scheme | Damaged status | Not for loan | Permanent Location | Current Location | Date acquired | Total Checkouts | Total Renewals | Full call number | Barcode | Date last seen | Date last checked out | Price effective from | Koha item type |
|---|---|---|---|---|---|---|---|---|---|---|---|---|---|---|---|
| Military College of Engineering (MCE) | Military College of Engineering (MCE) | 08/04/2015 | 1 | 1 | T-187 | MCE-T-187 | 08/15/2018 | 01/30/2018 | 08/04/2015 | Book |
